000 00965nam a2200289Ia 4500
001 Para_6014
003 CHAP
008 220125s1986 xx 000 0 und d
010 _a204769
040 _cCHAP
090 _aPA TESIS 599
100 _aVázquez Pérez, Othón
_9120472
245 _aControl químico de la maleza en naranjo (Citrus sinensis (L.) Osbeck) en Papantla, Ver. /
_c por Othón Vázquez Pérez
260 _aChapingo, Méx. :
_b el autor
300 _a54 h.
502 _aTesis (Ing. Agr. Esp. en Parasitología Agrícola) -- UACh. Departamento de Parasitología Agrícola
650 _aNaranja
_x malas hierbas
_xcontrol
_980174
650 _aNaranja
_x Veracruz
_9143011
710 _aUACh. Departamento Parasitología Agrícola
_9164025
901 _aPA TESIS 599
902 _aA
905 _a0000001986 0000000000 00
910 _a1986
942 _cPARA
942 _cPARA
_d1
999 _c204769
_d204769